000 01091nam a22003377a 4500
001 0035159
003 KOHA_MİRAKIL
005 20260207002936.0
007 ta
008 120206b2011 tu |||gro|||#1|||0|tur |
020 _a9789758657872
040 _aTR-BiSEU
_btur
_cTR-BiSEU
_erda
041 0 _atur
044 _ctu
050 _aHV6431
_b.T47 2011
111 2 _aUluslararası terörizm ve sınıraşan suçlar sempozyumu (2 : 2010 : Ankara)
_967331
245 1 _aTerörle mücadelede makro ve mikro perspektifler/
_cDerleyen : Oğuzhan Başıbüyük, M.Alper Sözer, Nurullah Altun.
264 1 _aAnkara :
_bPolis Akademisi
_c2011
300 _a309 sayfa ;
_c24 cm.
336 _ametin
_btxt
_2rdacontent
337 _aaracısız
_bn
_2rdamedia
338 _acilt
_bnc
_2rdacarrier
490 1 _aTerörizm ve sınıraşan suçlar serisi ;
_v5.
500 _aDizin var.
500 _aKaynakça var.
650 0 _aTerörizm.
_96805
650 0 _aTerrorism.
_98656
830 1 _aTerörizm ve sınıraşan suçlar serisi ;
_v5.
_967332
907 _aSempozyum
942 _2lcc
_cBK
999 _c35065
_d35065